000 01591nam a2200349 i 4500
001 179316
003 ES-MaACL
005 20250827222023.0
008 111027s2010 sp abde |||| | spa d
020 _a978-84-9860-367-5
080 _a911.375(460.152 Leioa)"18/20"
080 _a338.45(460.152 Leioa)"18/20"
080 _a314(460.152 Leioa)"18/20"
245 0 0 _aNacimiento y desarrollo de la ciudad industrial
_b: Leioa, de la sociedad tradicional a la sociedad posindustrial (1880-2000) : industrialización, urbanización, inmigración e innovación social /
_cManuel González Portilla (dir.) ; José María Beascoechea Gangoiti... [et al.].
260 _a[Bilbao] :
_bUniversidad del País Vasco, Servicio Editorial,
_c[2010]
300 _a553 p., [12] p. de mapas col. :
_bil., gráf., mapas ;
_c24 cm.
490 1 _aHistoria de la población ;
_v7
500 _aÍndices.
504 _aBibliografía: p. 543-553.
650 7 _aDesarrollo urbano-
_zBilbao (Área metropolitana)
_9148422
650 7 _aDesarrollo industrial-
_zBilbao (Área metropolitana)
_9148423
651 7 _aBilbao (Área metropolitana)-
_xPoblación.
_9148424
651 4 _aLeioa-
_vHistoria.
_9148428
700 1 _aGonzález Portilla, Manuel.
_958878
700 1 _aBeascoechea Gangoiti, José María.
_9148425
710 2 _aUniversidad del País Vasco
_97367
830 0 _aHistoria de la población ;
_v7
_9187628
852 _aES-MaACL
_9186203
_bR.146411
_jA-11678
_dOlim: N-4683
_cDEPO1
942 _2udc
_cMONOGRAFIA
999 _c179316
_d179316